<?xml version="1.0" encoding="UTF-8"?>
<record
    xmlns:xsi="http://www.w3.org/2001/XMLSchema-instance"
    xsi:schemaLocation="http://www.loc.gov/MARC21/slim http://www.loc.gov/standards/marcxml/schema/MARC21slim.xsd"
    xmlns="http://www.loc.gov/MARC21/slim">

  <leader>     nam a22     7a 4500</leader>
  <datafield tag="999" ind1=" " ind2=" ">
    <subfield code="c">7237</subfield>
    <subfield code="d">7237</subfield>
  </datafield>
  <datafield tag="020" ind1=" " ind2=" ">
    <subfield code="a">9789861946023</subfield>
  </datafield>
  <datafield tag="100" ind1=" " ind2=" ">
    <subfield code="a">&#x90ED;&#x96C5;&#x96EF;</subfield>
  </datafield>
  <datafield tag="245" ind1=" " ind2=" ">
    <subfield code="a">&#x5C45;&#x5BB6;&#x8B77;&#x7406;&#x5BE6;&#x52D9;</subfield>
  </datafield>
  <datafield tag="250" ind1=" " ind2=" ">
    <subfield code="a">&#x4E00;&#x7248;</subfield>
  </datafield>
  <datafield tag="260" ind1=" " ind2=" ">
    <subfield code="a">&#x53F0;&#x5317;&#x5E02;</subfield>
    <subfield code="b">&#x83EF;&#x674F;</subfield>
    <subfield code="c">2021</subfield>
  </datafield>
  <datafield tag="942" ind1=" " ind2=" ">
    <subfield code="2">ccl</subfield>
    <subfield code="c">LNTERM</subfield>
  </datafield>
  <datafield tag="952" ind1=" " ind2=" ">
    <subfield code="0">0</subfield>
    <subfield code="1">0</subfield>
    <subfield code="2">ccl</subfield>
    <subfield code="4">0</subfield>
    <subfield code="7">0</subfield>
    <subfield code="a">yeezen</subfield>
    <subfield code="b">yeezen</subfield>
    <subfield code="c">N028</subfield>
    <subfield code="d">2021-12-27</subfield>
    <subfield code="l">12</subfield>
    <subfield code="m">6</subfield>
    <subfield code="o">419.79</subfield>
    <subfield code="p">C02824</subfield>
    <subfield code="q">2026-06-30</subfield>
    <subfield code="r">2026-01-02 00:00:00</subfield>
    <subfield code="s">2026-01-02</subfield>
    <subfield code="w">2021-12-27</subfield>
    <subfield code="y">LNTERM</subfield>
    <subfield code="z">&#x81FA;&#x7063;&#x81EA;2018&#x5E74;3&#x6708;&#x8D77;65&#x6B72;&#x4EE5;&#x4E0A;&#x8001;&#x5E74;&#x4EBA;&#x53E3;&#x8D85;&#x904E;14&#xFF05;&#xFF0C;&#x6B63;&#x5F0F;&#x9081;&#x5165;&#x9AD8;&#x9F61;&#x793E;&#x6703;&#x3002;&#x6B64;&#x5916;&#xFF0C;&#x4E5F;&#x96A8;&#x8457;&#x91AB;&#x7642;&#x9AD8;&#x7AEF;&#x767C;&#x5C55;&#xFF0C;&#x5E73;&#x5747;&#x9918;&#x547D;&#x5EF6;&#x9577;&#xFF0C;&#x800C;&#x75BE;&#x75C5;&#x7684;&#x578B;&#x614B;&#x4E5F;&#x8F49;&#x8B8A;&#x70BA;&#x4EE5;&#x6162;&#x6027;&#x75C5;&#x5C45;&#x591A;&#xFF0C;&#x9577;&#x671F;&#x7167;&#x9867;&#x7684;&#x9700;&#x6C42;&#x76F8;&#x5C0D;&#x63D0;&#x9AD8;&#x3002;&#x6B64;&#x5916;&#xFF0C;&#x5927;&#x591A;&#x500B;&#x6848;&#x5E0C;&#x671B;&#x80FD;&#x5728;&#x5BB6;&#x4E2D;&#x719F;&#x6089;&#x7684;&#x74B0;&#x5883;&#x4E2D;&#x4F11;&#x990A;&#xFF0C;&#x751A;&#x81F3;&#x662F;&#x4EBA;&#x751F;&#x6700;&#x5F8C;&#x4E00;&#x6BB5;&#x8DEF;&#xFF0C;&#x4E5F;&#x5E0C;&#x671B;&#x80FD;&#x300C;&#x5728;&#x5BB6;&#x5584;&#x7D42;&#x300D;&#xFF0C;&#x9019;&#x6B63;&#x662F;&#x5C45;&#x5BB6;&#x8B77;&#x7406;&#x767C;&#x5C55;&#x7684;&#x6838;&#x5FC3;&#x50F9;&#x503C;&#x6240;&#x5728;......</subfield>
  </datafield>
</record>
